Jet Pack Blues Lyrics - Statistics

General Stats
  • This quiz has been taken 18 times
  • The average score is 45 of 50
Answer Stats
Answer % Correct
I got those jet {pack} blues
100%
And I'm trying to find that {peace} of mind
94%
And I {remember} "Baby, come home"
94%
And I remember "{Baby}, come home"
94%
And she was singing "{Baby}, come home"
94%
Ash she was {sing}ing "Baby, come home"
94%
Did you ever {love} her" Do you know?
94%
Did you ever {love} her" Do you know?
94%
I'm the last one that you'll ever {remember}
94%
I remember "{Baby}, come home"
94%
I remember "Baby, {come} home"
94%
I remember "Baby, come {home}"
94%
I remember "Baby, come {home}"
94%
I remember "Baby, {come} home"
94%
I remember "{Baby}, come home"
94%
I {remember} "Baby, come home"
94%
I remember "Baby, come {home}"
94%
I remember "Baby, {come} home"
94%
I've got those {jet} pack blues
94%
Just like {Judy}
94%
Or did you never want to be {alone}?
94%
She's in a long {black} coast tonight
94%
She's singing "Baby come home" in a {melody} of tears
94%
The kind that makes {June} feel like September
94%
The ringing in my {ears} gets violent
94%
Waiting for me in the downpour {outside}
94%
Waiting for {me} in the downpour outside
94%
When the city goes {silent}
94%
While the rhythm of the {rain} keeps time
94%
And I remember "{Baby, come home}"
88%
And she was singing "Baby, {come home}"
88%
Behind these two {white} highway lines
88%
Did you ever love her? Do you {know}?
88%
I remember "Baby, {come home}"
88%
I remember, "{Baby, come home}"
88%
Or did you {never} want to be alone?
88%
Or did you never {want} to be alone?
88%
She's in a {long} black coat tonight
88%
She's in a long black {coat} tonight
88%
She's singing "Baby come home" in a melody of {tears}
88%
She's {singing} "Baby, come home" in a melody of tears
88%
Waiting for me in the {downpour} outside
88%
While the rhythm of the rain keeps {time}
88%
While the {rhythm} of the rain keeps time
88%
Fight off the {light} tonight and just stay with me
81%
Honey, don't you {leave}"
81%
Don't you remember how we used to {split} a drink?
75%
I think our hand were just that {close}
69%
It never {mattered} what it was
63%
The sweetness never {lasted}, no
56%
No matching quizzes found
Score Distribution
Percent of People with Each Score
Percentile by Number Answered
Your Score History
You have not taken this quiz